1060 1169 1764 1135 1410 1370 1477 1007 1819 1910 1919 1307 1816 1581 1235 1856 1734 1291 1806 1294 1098 1290 1653 1045 1662 1542 1120 1096 1478 1596 1421 1008 1477 1651 1728 1499 1609 1401 1086 1733 1403 1329 1125 1458 1102 1317 1506 1678 1626 1265 1274 1179 1553 1144 1026 1388 1152 1952 1143 1882 1464 1771 1524 1952 1778 1503 1981 1935 1261 1173 1956 1718 1279 1386 1079 1669 1465 1514 1889 1139 1683 1718 1324 1197 1731 1874 1932 1796 1261 1633 1449 1886 1742 1904 1865 1296 1685 1211 1666 BCNSPRNW ULIB Ver.6.0+V

เปลี่ยนเป็นภาษาไทย

Change to English
 แสดงรายละเอียดบรรณานุกรม
  กลับหน้าหลัก

Brief Record : Get Marc (ISO 2709) : E-mail record : QR code < ปิดหน้าต่าง
LEADER : 00000nam 2200000uu 4500
001    13399114748
003     ULIB
008    120514s2553||||th 000 0 tha d
020    ^a9789749986622
060  4 ^aWA31^bบ564ม
100 0  ^aบุญเลิศ สดสุชาติ
245 10 ^aมานุษยวิทยาสุขภาพ /^cบุญเลิศ สดสุชาติ
250    ^aพิมพ์ครั้งที่ 1
260    ^aกรุงเทพฯ :^bโอเดียนสโตร์,^c2553
300    ^a150 หน้า :^bภาพประกอบ ;^c24 ซม.
650  7 ^aมานุษยวิทยาการแพทย์
650  7 ^aโภชนาการ
650  7 ^aสิ่งแวดล้อม
650  7 ^aสุขภาพ
650  7 ^aอนามัย
945    ^p120^l0^i19015
945    ^p120^l0^i19016
995    ^aกัณชพร
999    ^aใช้งานได้ทุกระบบ
รายการนี้ยังไม่มีแท็ก
คุณยังไม่ได้ล็อกอิน คุณสามารถมีกิจกรรมร่วมกับเว็บไซต์ได้ แต่ต้องล็อกอินก่อน ::
  ล็อกอิน

รายการสื่อสารสนเทศ

ลำดับที่ ประเภท เลขเรียก/บาร์โค้ด สถานที่ สถานะ
- ไม่พบข้อมูล -

รายการใกล้เคียง
    ผู้แต่ง [บุญเลิศ สดสุชาติ]

    หัวเรื่อง [มานุษยวิทยาการแพทย์]
    หัวเรื่อง [โภชนาการ]
    หัวเรื่อง [สิ่งแวดล้อม]
    หัวเรื่อง [สุขภาพ]
    หัวเรื่อง [อนามัย]

BibComment


ยังไม่เคยถูกคอมเมนท์

คอมเมนท์ทรัพยากรรายการนี้
  คอมเมนท์: มานุษยวิทยาสุขภา..


 Copyright 2026. Bcnsprnw @Library